书目信息 |
| 题名: |
回忆周总理谈文艺
|
|
| 作者: | 王余 辑录 | |
| 分册: | ||
| 出版信息: | 成都 四川人民出版社 1979 |
|
| 页数: | 289页 | |
| 开本: | 20cm | |
| 丛书名: | ||
| 单 册: | ||
| 中图分类: | I200 | |
| 科图分类: | 43.2 | |
| 主题词: | 文艺方针--中国 | |
| 电子资源: | ||
| ISBN: | 10118.132 | |
| 000 | 00656nam0 2200253 450 | |
| 001 | 000375563 | |
| 005 | 20120719235311.0 | |
| 010 | @a10118.132@dCNY0.74 | |
| 091 | @a10118.132@dCNY0.74 | |
| 100 | @a20120720d1979 em y0chiy0121 ea | |
| 101 | 0 | @achi |
| 102 | @aCN@b140000 | |
| 105 | @ay z 000zy | |
| 106 | @ar | |
| 200 | 1 | @a回忆周总理谈文艺@9Hui Yi Zhou Zong Li Tan Wen Yi @f王余辑录 |
| 210 | @a成都@c四川人民出版社@d1979 | |
| 215 | @a289页@d20cm | |
| 300 | @a内部发行 | |
| 606 | 0 | @a文艺方针@y中国 |
| 690 | @aI200@v3 | |
| 692 | @a43.2 | |
| 701 | 0 | @a王余@9wang yu@4辑录 |
| 801 | 0 | @aCN@bAzMarc@c20130904 |
| 905 | @aBZT@dI200@e7@f1@sI200/7 | |
| 回忆周总理谈文艺/王余辑录.-成都:四川人民出版社,1979 |
| 289页;20cm |
| 内部发行 |
| ISBN 10118.132:CNY0.74 |
| ● |
| 相关链接 |
|
|
|
正题名:回忆周总理谈文艺
索取号:I200/7
 
预约/预借
| 序号 | 登录号 | 条形码 | 馆藏地/架位号 | 状态 | 备注 |
| 1 | 2000079829 | 2000079829 | 旧书回溯/ [索取号:I200/7] | 在馆 |